Uplatnenie personálneho lízingu v podnikovej praxi bakalárska práca

Saved in:
Bibliographic Details
Main Author: Cádriková, Oľga
Corporate Author: Fakulta podnikového manažmentu EU. Katedra manažmentu
Other Authors: Nachtmannová, Oľga, 1963-
Format: Book
Language:Slovak
Published: Bratislava 2009
Tags: Add Tag
No Tags, Be the first to tag this record!

MARC

LEADER 00000nam$a2200000$$$4500
001 0103114
005 20240320075459.0
041 0 |a slo 
044 |a SK 
245 1 0 |a Uplatnenie personálneho lízingu v podnikovej praxi  |b bakalárska práca  |c Oľga Cádriková ; škol. Oľga Nachtmannová 
264 1 |a Bratislava  |c 2009 
300 |a 37 s. 
100 1 |a Cádriková, Oľga 
700 1 |a Nachtmannová, Oľga, 1963- 
710 2 |a Fakulta podnikového manažmentu EU. Katedra manažmentu